| 000 | 00447nam a2200145Ia 4500 | ||
|---|---|---|---|
| 008 | 211109s9999||||xx |||||||||||||| ||und|| | ||
| 082 |
_a494.812 _bKRI-P |
||
| 100 | _aKrishna Menon, T K | ||
| 245 | 0 | _aPrimer of Malayalam | |
| 260 |
_bAsian Educational Society _aNew Delhi _c1939 |
||
| 300 | _a72p | ||
| 630 | _xGeneral stack | ||
| 650 |
_aMalayalam Language _vMalayalam grammar _xAltaic, Uralic, Hyperborean & Dravidian Malayalam |
||
| 942 | _cBOOK | ||
| 999 |
_c51061 _d51061 |
||